000 00809nam a2200265 a 4500
001 25565
003 CO-ViMGA
008 141112s2004 ck r 000 u spa d
020 _a9789587581454
040 _aCO-ViMGA
_bspa
_cCO-ViMGA
041 _aSPA
090 _aN VAS3
100 1 _aVásquez, Juan Gabriel, 1973 -
_92143
245 1 0 _aEl ruido de las cosas al caer /
_cJuan Gabriel Vásquez
250 _a1a ed., 5a reimpr.
260 _aBogotá :
_bAlfaguara,
_c2012
300 _a259 p.
490 _aPremio Alfaguara de novela
500 _aIncluye datos biográficos del autor en la solapa.
650 1 4 _aAMISTAD EN LA LITERATURA
_970
650 1 4 _aAMOR EN LA LITERATURA
_969
650 1 4 _aAUTORES COLOMBIANOS - SIGLO XX
_92054
650 1 4 _aLITERATURA COLOMBIANA
_91068
942 _2ddc
_cBK
999 _c2207
_d2207